[Event "XX Miedzynarodowy Turniej Szachowy"]
[Site "Kowalewo Pomorskie"]
[Date "2013.07.13"]
[Round "5.3"]
[White "Zielinski, Wojciech"]
[Black "Budrewicz, Krzysztof"]
[Result "0-1"]
[WhiteElo "2154"]
[BlackElo "2196"]
[PlyCount "84"]
[EventDate "2013.??.??"]

1. b3 e5 2. Bb2 Nc6 3. e3 Nf6 4. d4 exd4 5. exd4 d5 6. Nf3 Be7 7. Be2 O-O 8.
O-O a5 9. Ne5 Ne4 10. Nd2 Nxe5 11. dxe5 Bc5 12. Nxe4 dxe4 13. Bc4 e3 14. fxe3
Bxe3+ 15. Kh1 Qxd1 16. Raxd1 Be6 17. Bd5 c6 18. Bxe6 fxe6 19. Rf3 Bc5 20. h3 a4
21. Rxf8+ Kxf8 22. a3 axb3 23. cxb3 Ke7 24. a4 Rf8 25. Bd4 Bb4 26. Rc1 Ba3 27.
Ra1 Bb4 28. Rc1 Kd7 29. Kh2 Kc7 30. Kg3 b6 31. Rc4 c5 32. Bc3 Bxc3 33. Rxc3 Rf5
34. Re3 Kc6 35. Kh4 Kd5 36. g4 Rxe5 37. Rf3 g6 38. Rf7 h6 39. Rb7 g5+ 40. Kh5
Re3 41. Kxh6 Rxh3+ 42. Kxg5 Rxb3 0-1

[Event "XX Miedzynarodowy Turniej Szachowy"]
[Site "Kowalewo Pomorskie"]
[Date "2013.07.13"]
[Round "5.4"]
[White "Jaroch, Karol"]
[Black "Kukula, Pawel"]
[Result "1/2-1/2"]
[WhiteElo "2241"]
[BlackElo "2250"]
[PlyCount "53"]
[EventDate "2013.??.??"]

1. Nf3 Nf6 2. g3 g6 3. Bg2 Bg7 4. O-O O-O 5. c4 d6 6. d4 Nc6 7. Nc3 a6 8. d5
Na5 9. Nd2 c5 10. Rb1 Rb8 11. e4 b5 12. cxb5 axb5 13. b4 cxb4 14. Rxb4 Bg4 15.
Bf3 Qd7 16. Qe2 Nc4 17. Nxc4 Bxf3 18. Qxf3 bxc4 19. Rxc4 Ng4 20. Bf4 Rfc8 21.
Rxc8+ Rxc8 22. Ne2 Ne5 23. Bxe5 Bxe5 24. Rb1 Qa4 25. a3 Rc4 26. Rb4 Rxb4 27.
axb4 1/2-1/2

[Event "XX Miedzynarodowy Turniej Szachowy"]
[Site "Kowalewo Pomorskie"]
[Date "2013.07.13"]
[Round "5.5"]
[White "Renkowski, Piotr"]
[Black "Paprocki, Jaroslaw"]
[Result "1-0"]
[WhiteElo "2004"]
[BlackElo "2218"]
[PlyCount "115"]
[EventDate "2013.??.??"]

1. e4 e5 2. Nf3 Nc6 3. Bc4 Bc5 4. b4 d5 5. exd5 Nxb4 6. c3 Nxd5 7. Qb3 c6 8.
Nxe5 Ngf6 9. d4 Be7 10. O-O O-O 11. Nd2 Qa5 12. Re1 Bd6 13. Bb2 Be6 14. Qc2 Qc7
15. Bd3 Nf4 16. Bf5 c5 17. g3 Nh3+ 18. Kg2 Ng5 19. h4 g6 20. Bxe6 Nxe6 21. Ne4
Bxe5 22. dxe5 Qxe5 23. Rad1 Nxe4 24. Rxe4 Qf5 25. c4 Rae8 26. g4 Nf4+ 27. Kf3
Qxe4+ 28. Qxe4 Rxe4 29. Kxe4 Ne6 30. Rd7 Re8 31. Bf6 Nf8+ 32. Re7 Rxe7+ 33.
Bxe7 Ne6 34. Kd5 b6 35. Bd6 Nd4 36. Bb8 a6 37. Ba7 b5 38. Bxc5 Ne2 39. cxb5
Nc3+ 40. Kc6 axb5 41. a3 f5 42. gxf5 gxf5 43. Bd4 Nb1 44. Bb2 Kf7 45. Kxb5 Ke6
46. a4 Kd7 47. Be5 Na3+ 48. Kc5 Kc8 49. Kd6 Nc4+ 50. Ke6 f4 51. Bxf4 Nb2 52.
Be5 Nxa4 53. Bd4 Kd8 54. f4 Ke8 55. f5 Kf8 56. f6 Ke8 57. h5 Kf8 58. h6 1-0

[Event "XX Miedzynarodowy Turniej Szachowy"]
[Site "Kowalewo Pomorskie"]
[Date "2013.07.13"]
[Round "5.6"]
[White "Krainski, Slawomir"]
[Black "Zebracki, Tomasz"]
[Result "1/2-1/2"]
[WhiteElo "2035"]
[BlackElo "1929"]
[PlyCount "24"]
[EventDate "2013.??.??"]

1. d4 Nf6 2. Bf4 d5 3. e3 e6 4. Nd2 Bd6 5. Bg3 Nc6 6. Ngf3 Bxg3 7. hxg3 Qd6 8.
Bb5 O-O 9. O-O Bd7 10. Bxc6 Bxc6 11. Ne5 Nd7 12. Nxd7 Bxd7 1/2-1/2

[Event "XX Miedzynarodowy Turniej Szachowy"]
[Site "Kowalewo Pomorskie"]
[Date "2013.07.13"]
[Round "5.7"]
[White "Rak, Tomasz"]
[Black "Zurkowski, Andrzej"]
[Result "1/2-1/2"]
[WhiteElo "2023"]
[BlackElo "2020"]
[PlyCount "46"]
[EventDate "2013.??.??"]

1. Nf3 d5 2. d4 Nf6 3. c4 e6 4. Nc3 Be7 5. e3 O-O 6. Bd3 c5 7. O-O b6 8. Qe2
Bb7 9. Rd1 cxd4 10. Nxd4 Nbd7 11. cxd5 exd5 12. Ba6 Bxa6 13. Qxa6 Nc5 14. Qf1
Qd7 15. Nde2 Qf5 16. Nf4 Rad8 17. Rd4 Ne6 18. Nfxd5 Nxd5 19. Rxd5 Rxd5 20. e4
Qe5 21. exd5 Nc7 22. Bd2 Bd6 23. g3 Nxd5 1/2-1/2

[Event "XX Miedzynarodowy Turniej Szachowy"]
[Site "Kowalewo Pomorskie"]
[Date "2013.07.13"]
[Round "5.8"]
[White "Szopieraj, Dariusz"]
[Black "Smal, Tobiasz"]
[Result "1/2-1/2"]
[WhiteElo "2069"]
[BlackElo "1893"]
[PlyCount "88"]
[EventDate "2013.??.??"]

1. c4 Nf6 2. Nc3 g6 3. g3 Bg7 4. Bg2 O-O 5. Nf3 Nc6 6. d4 d6 7. O-O a6 8. Bg5
Rb8 9. Rc1 h6 10. Bxf6 Bxf6 11. Nd5 Bg7 12. h3 Bd7 13. Qd2 e6 14. Nc3 Kh7 15.
b3 e5 16. dxe5 dxe5 17. Rfd1 Nd4 18. Ne1 Bc6 19. Nd5 Re8 20. e3 Nf5 21. Qa5
Bxd5 22. Rxd5 Qc8 23. Rcd1 b6 24. Qd2 e4 25. c5 Qe6 26. Rd7 Bf8 27. Qd5 Qxd5
28. R1xd5 Kg8 29. Rxc7 Bxc5 30. Bf1 Re7 31. Rdd7 Rxd7 32. Rxd7 a5 33. Bc4 Nd6
34. Bd5 Re8 35. Nc2 Re5 36. Bc6 Kf8 37. Nd4 Nf5 38. Nxf5 gxf5 39. Kf1 Be7 40.
Rd2 Kg7 41. Ke2 Kf6 42. Bb7 Bb4 43. Rd7 Re7 44. Rxe7 Kxe7 1/2-1/2

[Event "XX Miedzynarodowy Turniej Szachowy"]
[Site "Kowalewo Pomorskie"]
[Date "2013.07.13"]
[Round "5.9"]
[White "Teclaf, Pawel"]
[Black "Kaczmarek, Arkadiusz"]
[Result "0-1"]
[WhiteElo "1863"]
[BlackElo "2027"]
[PlyCount "66"]
[EventDate "2013.??.??"]

1. e4 e6 2. d4 d5 3. Nd2 Nf6 4. e5 Nfd7 5. Bd3 c5 6. c3 Nc6 7. Ne2 cxd4 8. cxd4
f6 9. Nf4 Nxd4 10. Qh5+ Ke7 11. exf6+ Nxf6 12. Ng6+ hxg6 13. Qxh8 Kf7 14. Qh4
e5 15. f3 Qb6 16. g4 Bb4 17. Rf1 Ne6 18. Qf2 Nf4 19. Qxb6 Nxd3+ 20. Ke2 Nf4+
21. Kd1 axb6 22. Nb3 g5 23. a3 Bd6 24. Be3 Bd7 25. Kd2 Ba4 26. Nc1 Rc8 27. b3
Bb5 28. Rd1 d4 29. Bg1 Rc3 30. a4 Ba6 31. b4 Bc4 32. Rb1 Rxf3 33. a5 N6d5 0-1

[Event "XX Miedzynarodowy Turniej Szachowy"]
[Site "Kowalewo Pomorskie"]
[Date "2013.07.13"]
[Round "5.10"]
[White "Sliwicka, Alicja"]
[Black "Tarczykowski, Janusz"]
[Result "1/2-1/2"]
[WhiteElo "1817"]
[BlackElo "2026"]
[PlyCount "69"]
[EventDate "2013.??.??"]

1. e4 c5 2. Nf3 g6 3. d4 cxd4 4. Nxd4 Nc6 5. c4 Nf6 6. Nc3 d6 7. Be2 Bg7 8. Be3
O-O 9. O-O Bd7 10. Rc1 Nxd4 11. Bxd4 Bc6 12. f3 a5 13. Nd5 Nd7 14. Bxg7 Kxg7
15. Qd4+ e5 16. Qd2 Bxd5 17. cxd5 Qb6+ 18. Kh1 Nc5 19. b3 f5 20. exf5 Rxf5 21.
Rc4 Raf8 22. g3 Kg8 23. Kg2 e4 24. f4 Qd8 25. Bg4 R5f6 26. h4 b5 27. Rd4 b4 28.
Qe3 Re8 29. Rh1 h5 30. Bh3 Kg7 31. Rf1 Qb6 32. Kh2 Qb5 33. Rfd1 a4 34. Bf1 Qa5
35. Bc4 1/2-1/2

[Event "XX Miedzynarodowy Turniej Szachowy"]
[Site "Kowalewo Pomorskie"]
[Date "2013.07.13"]
[Round "5.11"]
[White "Bes, Michal"]
[Black "Cichocki, Konrad"]
[Result "1-0"]
[WhiteElo "2000"]
[BlackElo "1958"]
[PlyCount "55"]
[EventDate "2013.??.??"]

1. c4 Nf6 2. Nf3 e6 3. d4 b6 4. Nc3 Bb4 5. Qc2 Bb7 6. Bg5 h6 7. Bh4 c5 8. e3
O-O 9. Bd3 Nc6 10. O-O cxd4 11. exd4 Rc8 12. Rac1 Be7 13. Qe2 Nb4 14. Bb1 d5
15. a3 Nc6 16. Bxf6 Bxf6 17. cxd5 exd5 18. Rfe1 g6 19. Qd2 Kg7 20. b4 Qd7 21.
h3 Rfe8 22. Ba2 Rxe1+ 23. Rxe1 Ne7 24. Ne5 Qc7 25. Nb5 Qb8 26. Nd7 Qa8 27. Nxf6
Kxf6 28. Qf4+ 1-0

[Event "XX Miedzynarodowy Turniej Szachowy"]
[Site "Kowalewo Pomorskie"]
[Date "2013.07.13"]
[Round "5.12"]
[White "Kamieniecki, Tomasz"]
[Black "Karpus, Michal"]
[Result "0-1"]
[WhiteElo "1963"]
[BlackElo "1764"]
[PlyCount "90"]
[EventDate "2013.??.??"]

1. d4 Nf6 2. c4 g6 3. Nc3 Bg7 4. e4 d6 5. f3 O-O 6. Bg5 c5 7. d5 a6 8. Qd2 Nbd7
9. Nh3 Rb8 10. Be2 Qa5 11. O-O b5 12. cxb5 axb5 13. Rfc1 Ba6 14. a4 b4 15. Nb5
Rfc8 16. b3 Kf8 17. Ra2 Ne8 18. Na7 Rc7 19. Nc6 Rxc6 20. dxc6 Ne5 21. Bh6 Nxc6
22. Bxg7+ Kxg7 23. f4 Nd4 24. Bd1 Bb7 25. Qe3 Nf6 26. Nf2 Re8 27. Rd2 Qa7 28.
Rc4 e5 29. f5 d5 30. exd5 Nxd5 31. Qh3 Nxf5 32. g4 Nd4 33. g5 Nf5 34. Ng4 Re6
35. Rxd5 Bxd5 36. Nf6 Rxf6 37. gxf6+ Kxf6 38. Qxh7 Bxc4 39. Qh8+ Ke6 40. bxc4
Qd7 41. Bf3 Qd4+ 42. Kh1 Qxc4 43. Qc8+ Kf6 44. Qh8+ Kg5 45. h4+ Kf4 0-1

[Event "XX Miedzynarodowy Turniej Szachowy"]
[Site "Kowalewo Pomorskie"]
[Date "2013.07.13"]
[Round "5.13"]
[White "Kowalczyk, Rafal"]
[Black "Banasik, Krzysztof"]
[Result "1/2-1/2"]
[WhiteElo "2135"]
[BlackElo "2287"]
[PlyCount "22"]
[EventDate "2013.??.??"]

1. e4 d6 2. d4 Nf6 3. Nc3 e5 4. dxe5 dxe5 5. Qxd8+ Kxd8 6. Bc4 Be6 7. Bxe6 fxe6
8. f3 a6 9. Be3 Bd6 10. Nh3 Ke7 11. f4 Nbd7 1/2-1/2

[Event "XX Miedzynarodowy Turniej Szachowy"]
[Site "Kowalewo Pomorskie"]
[Date "2013.07.13"]
[Round "5.14"]
[White "Wacior, Maciej"]
[Black "Machlowski, Slawomir"]
[Result "0-1"]
[WhiteElo "1758"]
[BlackElo "2159"]
[PlyCount "70"]
[EventDate "2013.??.??"]

1. d4 c5 2. c3 Nf6 3. Nf3 e6 4. e3 b6 5. Be2 Bb7 6. O-O Be7 7. Nbd2 O-O 8. Ne5
d6 9. Bf3 Qc7 10. Bxb7 Qxb7 11. Nd3 Nbd7 12. Qe2 d5 13. f4 Ne4 14. Ne5 Ndf6 15.
Rf3 Nxd2 16. Bxd2 Ne4 17. Rh3 g6 18. Be1 Bf6 19. Bh4 Bg7 20. Qg4 f5 21. Qf3
Bxe5 22. dxe5 b5 23. g4 b4 24. gxf5 Rxf5 25. c4 dxc4 26. Rd1 c3 27. bxc3 bxc3
28. Qg2 Rf7 29. Bf6 Nxf6 30. exf6 Qxg2+ 31. Kxg2 Rb8 32. Re1 Rb2+ 33. Kf3 c2
34. Rg3 Rxa2 35. Rg2 Rc7 0-1

[Event "XX Miedzynarodowy Turniej Szachowy"]
[Site "Kowalewo Pomorskie"]
[Date "2013.07.13"]
[Round "5.15"]
[White "Pawlowski, Pawel"]
[Black "Zielinski, Olgierd"]
[Result "0-1"]
[WhiteElo "1804"]
[BlackElo "1900"]
[PlyCount "86"]
[EventDate "2013.??.??"]

1. Nf3 c5 2. c4 Nc6 3. d4 cxd4 4. Nxd4 Nf6 5. Nc3 Nxd4 6. Qxd4 g6 7. e4 Bg7 8.
Be2 d6 9. O-O O-O 10. Qd3 Be6 11. Nd5 Nd7 12. Nf4 Nc5 13. Nxe6 Nxe6 14. Be3 Qc7
15. Rab1 Nc5 16. Qc2 a5 17. b3 Rac8 18. Rfd1 Rfd8 19. f3 Na6 20. Qd2 Nb4 21. a3
Nc6 22. f4 e5 23. f5 Nd4 24. Bg4 Ra8 25. Qd3 Qe7 26. fxg6 hxg6 27. Rf1 Qh4 28.
Qd1 Rab8 29. g3 Qe7 30. a4 Rf8 31. Qd3 Qc7 32. Rf2 Qc6 33. Rbf1 Qb6 34. Bd1 Qc7
35. h3 Ne6 36. Qd5 Qc6 37. Qxa5 Qxe4 38. Qd2 Nd4 39. Bxd4 Qxd4 40. Qxd4 exd4
41. Rd2 Bh6 42. Rd3 Rfe8 43. Kg2 Be3 0-1

[Event "XX Miedzynarodowy Turniej Szachowy"]
[Site "Kowalewo Pomorskie"]
[Date "2013.07.13"]
[Round "5.16"]
[White "Rogalski, Krzysztof"]
[Black "Rozycki, Bartlomiej"]
[Result "0-1"]
[WhiteElo "1821"]
[BlackElo "2064"]
[PlyCount "42"]
[EventDate "2013.??.??"]

1. d4 d5 2. c4 e6 3. Nf3 c6 4. Nc3 dxc4 5. a4 Bb4 6. Bd2 a5 7. e3 b5 8. axb5
Bxc3 9. Bxc3 cxb5 10. b3 Bb7 11. bxc4 b4 12. Bb2 Nf6 13. Bd3 O-O 14. O-O Nbd7
15. Re1 Be4 16. Bxe4 Nxe4 17. Nd2 Nxd2 18. Qxd2 Qc7 19. Rec1 Rfb8 20. d5 a4 21.
Bd4 e5 0-1

[Event "XX Miedzynarodowy Turniej Szachowy"]
[Site "Kowalewo Pomorskie"]
[Date "2013.07.13"]
[Round "5.17"]
[White "Sobczynski, Roman"]
[Black "Chylewski, Patryk"]
[Result "1-0"]
[WhiteElo "1880"]
[BlackElo "1740"]
[PlyCount "57"]
[EventDate "2013.??.??"]

1. e4 c5 2. Nf3 d6 3. d4 cxd4 4. Nxd4 Nf6 5. Nc3 a6 6. Bc4 e6 7. Bb3 Be7 8. a4
Bd7 9. O-O Nc6 10. Be3 Nxd4 11. Bxd4 Bc6 12. Qd3 O-O 13. a5 Nd7 14. Qg3 g6 15.
Rfd1 Qc7 16. h4 Rad8 17. h5 Bf6 18. Be3 Be5 19. Qh3 Nc5 20. hxg6 hxg6 21. f3
Qe7 22. Kf2 Qf6 23. Rh1 Qh8 24. Qg4 Qf6 25. Bg5 Bd4+ 26. Ke2 Qe5 27. Qh4 Qh8
28. Bxd8 Nxb3 29. cxb3 1-0

[Event "XX Miedzynarodowy Turniej Szachowy"]
[Site "Kowalewo Pomorskie"]
[Date "2013.07.13"]
[Round "5.18"]
[White "Wisniewski, Szymon"]
[Black "Augustowski, Janusz"]
[Result "1-0"]
[WhiteElo "1791"]
[BlackElo "1860"]
[PlyCount "97"]
[EventDate "2013.??.??"]

1. e4 g6 2. d4 Bg7 3. Bc4 e6 4. Nc3 Ne7 5. Bg5 O-O 6. Nf3 d6 7. Qd2 a6 8. h4 b5
9. Bd3 f6 10. Bh6 Rf7 11. h5 g5 12. Bxg7 Rxg7 13. e5 dxe5 14. dxe5 Nf5 15. Bxf5
Qxd2+ 16. Kxd2 exf5 17. exf6 Rd7+ 18. Kc1 h6 19. Ne5 Rd6 20. Re1 Be6 21. Rd1
Rxd1+ 22. Kxd1 Nd7 23. Nxd7 Bxd7 24. Kd2 Be6 25. Ke3 Rd8 26. Rd1 Rxd1 27. Nxd1
Kf7 28. Kd4 Kxf6 29. Kc5 Bxa2 30. Kc6 Bb1 31. Ne3 Ke5 32. Kxc7 Ke4 33. Kb6 g4
34. g3 Kf3 35. Nxf5 Kxf2 36. Nxh6 Kxg3 37. Nf5+ Kf4 38. h6 g3 39. Nxg3 Bxc2 40.
Ne2+ Ke3 41. Nc3 b4 42. Nd5+ Kd2 43. Nxb4 Be4 44. Nxa6 Kc2 45. b4 Kc3 46. b5
Kd4 47. Kc7 Ke5 48. Nb4 Kf6 49. Nc6 1-0

[Event "XX Miedzynarodowy Turniej Szachowy"]
[Site "Kowalewo Pomorskie"]
[Date "2013.07.13"]
[Round "5.19"]
[White "Balkiewicz, Henryk"]
[Black "Kindler, Przemyslaw"]
[Result "0-1"]
[WhiteElo "1808"]
[BlackElo "1768"]
[PlyCount "56"]
[EventDate "2013.??.??"]

1. d4 d5 2. Nf3 Nc6 3. g3 Bf5 4. c4 e6 5. a3 Nf6 6. Bg5 Be7 7. Bg2 O-O 8. Nbd2
Be4 9. Bxf6 Bxf6 10. e3 Bd3 11. Qb3 dxc4 12. Nxc4 Be4 13. Ncd2 Bd5 14. Qc2 e5
15. e4 exd4 16. exd5 Re8+ 17. Ne4 Qxd5 18. Nfd2 d3 19. O-O Qxe4 20. Bxe4 dxc2
21. Bxc2 Re2 22. Be4 Rxd2 23. Rab1 Rad8 24. b4 Nd4 25. Bxb7 g6 26. a4 Ne2+ 27.
Kg2 Nc3 28. Bc8 Rxc8 0-1

[Event "XX Miedzynarodowy Turniej Szachowy"]
[Site "Kowalewo Pomorskie"]
[Date "2013.07.13"]
[Round "6.1"]
[White "Warakomski, Tomasz"]
[Black "Siembab, Bartosz"]
[Result "1-0"]
[WhiteElo "2498"]
[BlackElo "2258"]
[PlyCount "75"]
[EventDate "2013.??.??"]

1. e4 e6 2. d4 d5 3. Nc3 dxe4 4. Nxe4 Nd7 5. Nf3 Ngf6 6. Bg5 h6 7. Nxf6+ Nxf6
8. Bxf6 Qxf6 9. Bd3 Bd6 10. Qe2 Bd7 11. O-O-O O-O-O 12. Be4 Kb8 13. Kb1 g5 14.
Qd3 g4 15. Nd2 Bc8 16. f3 h5 17. fxg4 hxg4 18. h3 gxh3 19. gxh3 Rdg8 20. Rdf1
Qg7 21. h4 f5 22. Bf3 Be7 23. h5 Rd8 24. c3 e5 25. Rfg1 Qf8 26. Qe3 exd4 27.
cxd4 f4 28. Qf2 Bf6 29. Nb3 Bf5+ 30. Ka1 Qb4 31. Qe1 Qa4 32. Bxb7 Rhe8 33. Qc1
Rd6 34. Re1 Bh7 35. Nc5 Qb5 36. Qc3 Re2 37. Rc1 c6 38. Ba6 1-0

[Event "XX Miedzynarodowy Turniej Szachowy"]
[Site "Kowalewo Pomorskie"]
[Date "2013.07.13"]
[Round "6.2"]
[White "Budrewicz, Krzysztof"]
[Black "Sieciechowicz, Marcin"]
[Result "0-1"]
[WhiteElo "2196"]
[BlackElo "2462"]
[PlyCount "76"]
[EventDate "2013.??.??"]

1. d4 Nf6 2. Bg5 e6 3. e4 h6 4. Bxf6 Qxf6 5. Nc3 Bb4 6. Nf3 d5 7. e5 Qe7 8. a3
Bxc3+ 9. bxc3 O-O 10. Bd3 b6 11. O-O Ba6 12. Qe2 Bxd3 13. cxd3 c5 14. dxc5 Qxc5
15. Rfc1 Nc6 16. c4 Rfd8 17. Qe3 Qxe3 18. fxe3 Na5 19. Rab1 dxc4 20. d4 Rab8
21. a4 a6 22. Nd2 b5 23. axb5 axb5 24. Rc2 Rdc8 25. Kf2 b4 26. Ke2 c3 27. Ne4
Nc6 28. Kd3 Rd8 29. Ke2 Ra8 30. Nc5 Rd5 31. Nd3 Ra4 32. Nc5 Rxc5 33. dxc5 Ra5
34. Kd3 Rxc5 35. e4 Rxe5 36. Ra1 Rc5 37. Ra6 Ne5+ 38. Ke2 b3 0-1

[Event "XX Miedzynarodowy Turniej Szachowy"]
[Site "Kowalewo Pomorskie"]
[Date "2013.07.13"]
[Round "6.3"]
[White "Renkowski, Piotr"]
[Black "Jaroch, Karol"]
[Result "0-1"]
[WhiteElo "2004"]
[BlackElo "2241"]
[PlyCount "74"]
[EventDate "2013.??.??"]

1. e4 d5 2. exd5 Qxd5 3. Nc3 Qd6 4. d4 Nf6 5. Nf3 a6 6. g3 Nc6 7. Bg2 Bg4 8.
Bf4 Qb4 9. O-O O-O-O 10. Be3 e5 11. a3 Qc4 12. Nd2 Qe6 13. d5 Rxd5 14. Bxd5
Nxd5 15. Qc1 Nxe3 16. fxe3 f5 17. Qe1 h5 18. Nf3 e4 19. Ng5 Qg6 20. h4 Be7 21.
Qf2 Bxg5 22. hxg5 Qxg5 23. Qf4 Qxf4 24. gxf4 Rd8 25. Rf2 Ne7 26. Rh2 Ng6 27.
Rc1 Nf8 28. Ne2 Ne6 29. Kf1 g5 30. Ke1 gxf4 31. exf4 e3 32. Nc3 Nxf4 33. Nd1
Re8 34. b4 h4 35. b5 axb5 36. a4 bxa4 37. Ra1 h3 0-1

[Event "XX Miedzynarodowy Turniej Szachowy"]
[Site "Kowalewo Pomorskie"]
[Date "2013.07.13"]
[Round "6.4"]
[White "Kukula, Pawel"]
[Black "Bes, Michal"]
[Result "1-0"]
[WhiteElo "2250"]
[BlackElo "2000"]
[PlyCount "51"]
[EventDate "2013.??.??"]

1. d4 d5 2. Nf3 Nf6 3. e3 e6 4. Bd3 Bd6 5. Nbd2 Nbd7 6. b3 b6 7. Bb2 Bb7 8. O-O
O-O 9. Ne5 Ne4 10. f4 f5 11. Rf3 Nxe5 12. fxe5 Nxd2 13. Qxd2 Be7 14. Raf1 a5
15. a4 Ba6 16. c4 Rc8 17. Rh3 Qd7 18. cxd5 Bxd3 19. dxe6 Qxe6 20. Qxd3 Rcd8 21.
Rhf3 g6 22. Qc4 Qd5 23. Qxc7 Qxb3 24. Qxe7 Qxb2 25. Rh3 h5 26. Rg3 1-0

[Event "XX Miedzynarodowy Turniej Szachowy"]
[Site "Kowalewo Pomorskie"]
[Date "2013.07.13"]
[Round "6.5"]
[White "Zurkowski, Andrzej"]
[Black "Zielinski, Wojciech"]
[Result "0-1"]
[WhiteElo "2020"]
[BlackElo "2154"]
[PlyCount "68"]
[EventDate "2013.??.??"]

1. d4 e6 2. Nf3 Nf6 3. e3 c5 4. Bd3 d5 5. b3 Qc7 6. Nbd2 b6 7. Bb2 Ba6 8. Qe2
Bxd3 9. Qxd3 Nc6 10. a3 Be7 11. O-O O-O 12. Ne5 Nxe5 13. dxe5 Nd7 14. f4 c4 15.
Qc3 Rfc8 16. b4 b5 17. Nf3 Nb6 18. Qe1 a5 19. Bd4 c3 20. Qe2 Qc4 21. Qf2 Nd7
22. Ng5 axb4 23. Nxf7 Rf8 24. Nh6+ gxh6 25. Qg3+ Kh8 26. Qh3 Bc5 27. Qxe6 Bxd4
28. exd4 Qxd4+ 29. Kh1 Nc5 30. Qxh6 Ne4 31. Qh4 Ra6 32. Rad1 Qe3 33. Rxd5 Rh6
34. Qe1 Ng3+ 0-1

[Event "XX Miedzynarodowy Turniej Szachowy"]
[Site "Kowalewo Pomorskie"]
[Date "2013.07.13"]
[Round "6.6"]
[White "Karpus, Michal"]
[Black "Krainski, Slawomir"]
[Result "0-1"]
[WhiteElo "1764"]
[BlackElo "2035"]
[PlyCount "86"]
[EventDate "2013.??.??"]

1. e4 e5 2. Nf3 Nc6 3. Bc4 Nf6 4. d3 Be7 5. O-O O-O 6. c3 d6 7. Nbd2 Na5 8. Bb5
a6 9. Ba4 b5 10. Bc2 c5 11. Re1 Nc6 12. Nf1 Re8 13. h3 h6 14. Ng3 Bf8 15. Be3
Bd7 16. d4 cxd4 17. cxd4 exd4 18. Nxd4 d5 19. Qf3 Ne5 20. Qd1 Nc4 21. Bc1 Qb6
22. b3 Bc5 23. bxc4 Bxd4 24. Be3 Bxe3 25. Rxe3 bxc4 26. e5 d4 27. Re1 Nd5 28.
Bf5 Rad8 29. Qg4 Be6 30. Rab1 Qa7 31. Nh5 g6 32. Ng3 Nc3 33. Bxe6 Rxe6 34. Rb2
Qc7 35. Qh4 Kh7 36. Ne4 Nxe4 37. Qxe4 Rd7 38. Rd2 d3 39. Kh2 Qc6 40. Qe3 Qd5
41. g3 c3 42. Rdd1 d2 43. Re2 Qd3 0-1

[Event "XX Miedzynarodowy Turniej Szachowy"]
[Site "Kowalewo Pomorskie"]
[Date "2013.07.13"]
[Round "6.7"]
[White "Sliwicki, Damian"]
[Black "Rak, Tomasz"]
[Result "0-1"]
[WhiteElo "2027"]
[BlackElo "2023"]
[PlyCount "104"]
[EventDate "2013.??.??"]

1. e4 c6 2. d4 d5 3. Nc3 dxe4 4. Nxe4 Nf6 5. Nxf6+ gxf6 6. c3 h5 7. Bc4 Nd7 8.
h3 Nb6 9. Bb3 Bf5 10. Qf3 e6 11. Ne2 h4 12. Nf4 Qe7 13. Be3 O-O-O 14. a4 Nd5
15. a5 a6 16. Bc4 Kb8 17. Bd2 Qd7 18. O-O Rg8 19. Bd3 Bxd3 20. Nxd3 e5 21. Rfe1
Nc7 22. b4 exd4 23. c4 Be7 24. b5 cxb5 25. Bf4 Bd6 26. cxb5 Nxb5 27. Nc5 Qc6
28. Qxc6 bxc6 29. Bxd6+ Rxd6 30. Nxa6+ Ka7 31. Nc5 Rc8 32. Rad1 Rc7 33. Re8 Nc3
34. Rd2 Rd5 35. Nb3 c5 36. a6 d3 37. Rb2 c4 38. Nd2 Ne2+ 39. Kf1 c3 40. Rb7+
Rxb7 41. axb7 Kxb7 42. Re7+ Kc6 43. Ke1 cxd2+ 44. Kxd2 Nc3 45. Re1 Na4 46. Re4
Nb6 47. Rxh4 Kc5 48. Rh8 Nc4+ 49. Kd1 d2 50. Rb8 Re5 51. Kc2 Re1 52. Rd8 Rc1+
0-1

[Event "XX Miedzynarodowy Turniej Szachowy"]
[Site "Kowalewo Pomorskie"]
[Date "2013.07.13"]
[Round "6.8"]
[White "Zebracki, Tomasz"]
[Black "Kaczmarek, Arkadiusz"]
[Result "1-0"]
[WhiteElo "1929"]
[BlackElo "2027"]
[PlyCount "55"]
[EventDate "2013.??.??"]

1. e4 e6 2. d4 d5 3. Nc3 Bb4 4. exd5 exd5 5. Bd3 c6 6. Nge2 Qf6 7. Bf4 Nd7 8.
Qd2 h6 9. O-O-O Bd6 10. Rde1 Ne7 11. Qe3 Kd8 12. Bxd6 Qxd6 13. Nf4 Nf6 14. Qg3
Ne8 15. Re5 g6 16. Rhe1 Nf5 17. Bxf5 Bxf5 18. Nfxd5 Be6 19. Nf4 Bd7 20. Ne4
Qxd4 21. Nc5 Kc8 22. Nxd7 Qxd7 23. Re7 Qd8 24. Rxf7 Qa5 25. Ree7 Nd6 26. Qh3+
Kb8 27. Qd7 Rd8 28. Rf8 1-0

[Event "XX Miedzynarodowy Turniej Szachowy"]
[Site "Kowalewo Pomorskie"]
[Date "2013.07.13"]
[Round "6.9"]
[White "Paprocki, Jaroslaw"]
[Black "Zielinski, Olgierd"]
[Result "1-0"]
[WhiteElo "2218"]
[BlackElo "1900"]
[PlyCount "75"]
[EventDate "2013.??.??"]

1. d4 d5 2. Nf3 Nf6 3. c4 dxc4 4. e3 e6 5. Bxc4 a6 6. Bd3 c5 7. dxc5 Bxc5 8.
O-O b5 9. Qe2 Nbd7 10. Nbd2 Bb7 11. e4 e5 12. Nb3 Bb6 13. Nh4 g6 14. Bh6 Nh5
15. Nf5 Qf6 16. Ne3 Nf4 17. Bxf4 Qxf4 18. a4 O-O 19. axb5 axb5 20. g3 Qg5 21.
h4 Qe7 22. Bxb5 Nf6 23. Nc4 Bc7 24. Ncd2 Qb4 25. Rac1 Bb6 26. Qc4 Qe7 27. Nc5
Rac8 28. b4 Rfd8 29. Qc3 Nxe4 30. Ndxe4 Bxe4 31. Ba6 Rc7 32. Rfe1 f5 33. f3 Bd5
34. Rxe5 Qd6 35. Qd4 Bxc5 36. Rxc5 Rxc5 37. bxc5 Qxa6 38. Re7 1-0

[Event "XX Miedzynarodowy Turniej Szachowy"]
[Site "Kowalewo Pomorskie"]
[Date "2013.07.13"]
[Round "6.10"]
[White "Machlowski, Slawomir"]
[Black "Sliwicka, Alicja"]
[Result "1-0"]
[WhiteElo "2159"]
[BlackElo "1817"]
[PlyCount "91"]
[EventDate "2013.??.??"]

1. Nf3 c5 2. g3 Nf6 3. Bg2 g6 4. d4 cxd4 5. Nxd4 Bg7 6. c4 Nc6 7. Nc2 O-O 8.
Nc3 b6 9. O-O Bb7 10. Bf4 Rc8 11. Rc1 d6 12. b4 Nh5 13. Bd2 Qd7 14. Nd5 Ne5 15.
Nce3 e6 16. Bh3 f5 17. Nf4 Nf6 18. Qb3 Ne4 19. Rfd1 g5 20. Nd3 f4 21. Nxe5 Bxe5
22. Ng4 Bg7 23. c5 d5 24. f3 Bd4+ 25. e3 Nxd2 26. Rxd2 Bg7 27. exf4 gxf4 28.
gxf4 Rxf4 29. Qe3 Rcf8 30. Ne5 Qe7 31. c6 Bc8 32. Nd7 Bxd7 33. cxd7 e5 34. Rc8
d4 35. Qb3+ Kh8 36. Qd5 Qh4 37. Bf1 Rd8 38. Rxd8+ Qxd8 39. Rc2 Qg5+ 40. Rg2 Qd8
41. Rc2 Qg5+ 42. Kh1 Rf8 43. Rc8 Rd8 44. Bd3 Qh4 45. Rxd8+ Qxd8 46. Qf7 1-0

[Event "XX Miedzynarodowy Turniej Szachowy"]
[Site "Kowalewo Pomorskie"]
[Date "2013.07.13"]
[Round "6.11"]
[White "Tarczykowski, Janusz"]
[Black "Szopieraj, Dariusz"]
[Result "1-0"]
[WhiteElo "2026"]
[BlackElo "2069"]
[PlyCount "79"]
[EventDate "2013.??.??"]

1. d4 d5 2. c4 c6 3. Nf3 Nf6 4. e3 e6 5. b3 Bd6 6. Bd3 Nbd7 7. Bb2 O-O 8. Nbd2
Qe7 9. Ne5 Ba3 10. Bxa3 Qxa3 11. O-O Qe7 12. f4 g6 13. c5 Nxe5 14. fxe5 Ne8 15.
Qc2 f5 16. exf6 Nxf6 17. Nf3 Bd7 18. Ne5 Be8 19. Rf3 Nd7 20. Rxf8+ Kxf8 21.
Rf1+ Kg7 22. Ng4 h5 23. Nf2 e5 24. b4 e4 25. Be2 Nf8 26. a4 Ne6 27. Nh3 Bd7 28.
b5 Rf8 29. bxc6 Rxf1+ 30. Bxf1 Bxc6 31. Bb5 g5 32. Qb3 g4 33. Nf2 Qc7 34. Nxe4
Nxd4 35. Qc3 Qe5 36. Qxd4 Qxd4 37. exd4 dxe4 38. Bxc6 bxc6 39. d5 Kf7 40. d6
1-0

[Event "XX Miedzynarodowy Turniej Szachowy"]
[Site "Kowalewo Pomorskie"]
[Date "2013.07.13"]
[Round "6.12"]
[White "Smal, Tobiasz"]
[Black "Banasik, Krzysztof"]
[Result "1/2-1/2"]
[WhiteElo "1893"]
[BlackElo "2287"]
[PlyCount "73"]
[EventDate "2013.??.??"]

1. e4 e6 2. d4 d5 3. exd5 exd5 4. Bd3 Bd6 5. Ne2 Qf6 6. Nbc3 c6 7. Be3 Ne7 8.
Ng3 O-O 9. Qh5 g6 10. Qe2 Bf5 11. Nxf5 Nxf5 12. Qf3 Nd7 13. Bxf5 Qxf5 14. Qxf5
gxf5 15. O-O-O Rfe8 16. Rhe1 Nf6 17. h3 Ne4 18. f3 Nxc3 19. bxc3 f4 20. Bf2
Rxe1 21. Rxe1 Kf8 22. Kd2 Re8 23. Ra1 Re6 24. Kd3 Rg6 25. Rg1 b5 26. Ke2 Ke7
27. Re1 Kd7 28. Kf1 a5 29. Bh4 Rg8 30. Bf6 b4 31. Rb1 bxc3 32. Rb7+ Ke6 33. Bh4
c5 34. Bf2 cxd4 35. Bxd4 Rc8 36. Ke2 Rg8 37. Kf1 1/2-1/2